Регионална библиотека "Любен Каравелов" - Русе

Последние дни Западной Римской империи (Запис номер 432305)

MARC детайли
000 -Лидер
Контролно поле с фиксирана дължина nam a22 a 4500
003 - Код на организацията, давaща контролен номер
Контролно поле BLK
005 - Дата и час на последна редакция
Контролно поле 20210917210313.0
008 - Елементи от данни с фиксирана дължина
fixed length control field 210917b bu |||||r|||| 00| | bu d
040 ## - Източник на каталожния запис
Идентификатор на билиотеката - собственик на записа BLK
041 ## - Код за език
Код за езика на текст/звукозапис или на отделно заглавие Руски
Код за езика КДБФ Руски
080 ## - УДК
Текстов определител УДК История на Рим (до 476 г. н. е.). Древен Рим
УДК код - определител по УДК 94(37)
УДК определител (093)
УДК - код + определител 94(37)(093)
139 ## - Редно поле
Редна дума Последние дни Западной Римской империи
245 ## - Сведения за заглавието
Заглавие Последние дни Западной Римской империи
Подзаглавни данни Сб. ст. по истории сред. веков
Редно поле (дума) сост. Николай Знойко
257 ## - Страна на издаване
Страна на създаване/издаване Украйна
260 ## - Област на издателските данни
9 (RLIN) 445306
Място на издаване, разпространение и проч. Одесса
Име на издателя, разпространителя и проч. типогр. А. Шульце
Година на издаване 1901
300 ## - Физическа характеристика
Страници [2], II, 147 с.
Размери/Мащаб 24 см
380 ## - Жанр
Жанр История
504 ## - Забележка за наличие на библиография и др
Забележка за наличие на библиография и под. Библиогр. в оглавл. (с. I-II)
650 #0 - Допълнително описание по предмет – тема
9 (RLIN) 464815
Основно описание – тема или топоним Римска империя
653 #7 - Ключова дума – ненормативна
9 (RLIN) 185517
Ключова дума Древен Рим
700 ## - Други автори (авторска отговорност)
9 (RLIN) 464816
Лично име Знойко, Николай Дмитриевич
Автороска отговорност (Описва отношението между автора и произведението) сост..
852 ## - Местоположение
Форматна сигнатура Цб 9.240.48476
Фондова буква Основен фонд - ползва се само за читалня
999 ## - СИСТЕМНИ КОНТРОЛНИ НОМЕРА
Koha biblionumber 432305
Koha biblioitemnumber 432305
942 ## - АРТИКУЛИ
Вид на библиотечния материал Книги
Скрит в OPAC Не
Периодичен библиозапис Да
944 ## - СЪЗДАВАНЕ И РЕДАКЦИЯ на ЗАПИСА
Създаване/Редакция Създаване
Дата на регистрацията/редакция 2021-09-17
Служител, извършил регистрацията/редакцията ВП
Наличности
Код за отписване Код за изгубен артикул Източник на класификационната схема Код за повреда Коз за рестрикции Код за отдаване Артикулен № Име на библиотеката - собственик Име на библиотеката, в която се намира в момента Статус (Текущо местоположение) Дата на вписване в системата Местоположение - отдел Цена в лева Инвентарен номер Систематично азбучна сигнатура Баркод Цена в евро Служебен тип на артикула
  Не е изгубен Universal Decimal Classification Не е повреден само за читалня ползва се в читалня 853557 Регионална библиотека "Любен Каравелов" Русе Регионална библиотека "Любен Каравелов" Русе Хранилище 2021-09-20 Основен фонд - ползва се само за читалня 0.29 11640/58 Цб 9.240.48476 900000078949 0.15 Книги
Vip Innovations Ltd, Rousse, Bulgaria 2025